00482cam a22001572 4500001001100000005001700011008004100028020001700069040001500086100003300101245010600134250001200240260002400252300001600276700003200292000002542220151217154537.0150911s xx 000 0 eng d a0199678211 : aKABUcKABU1 aThompson, Brian.@000017804710aCases and materials on constitutional and administrative law /cby Brian Thompson and Michael Gordon. a 11 ed. aUK :bO.U.P,c2014. axl, 693 p.1 aMichael Gordon.@0000186069